Kraje według regionów #1 - Statystyki

Ogólne statystyki
  • Ten quiz został rozwiązany 20 razy
  • Średni wynik to 12 z 15
Statystyki odpowiedzi
Region # Odpowiedź % Poprawnych
Skandynawia 3
100%
Półwysep Iberyjski 4
100%
Bałkany 12
100%
Ameryka Środkowa 8
100%
Koło Podbiegunowe 7
95%
Połwysep Arabski 7
89%
Kaukaz 4
89%
Indochiny 6
84%
Subkontynent Indyjski
(Poza Indiami)
6
84%
Mikronezja
(Poza Mikronezją)*
*Całkowicie w Mikronezji
4
79%
Antarktyka 7
79%
Małe Antyle 8
58%
Mezoameryka 7
58%
Pustynia Kalahari 3
53%
Atlas (Góry) 3
47%
Nie znaleziono quizów pasujących do podanych kryteriów
Rozkład punktacji
Procent ludzi z każdym wynikiem
Percentyl według liczby udzielonych odpowiedzi
Twoja historia wyników
Nie rozwiązałeś tego quizu